<?xml version="1.0" encoding="UTF-8"?>
<marc:record xmlns:marc="http://www.loc.gov/MARC21/slim">
   <marc:leader>00000nam a2200000 a 4500</marc:leader>
   <marc:datafield ind1="1" ind2=" " tag="100">
      <marc:subfield code="a">Eschbach, Andreas</marc:subfield>
      <marc:subfield code="4">aut</marc:subfield>
      <marc:subfield code="e">Verfasser/-in</marc:subfield>
   </marc:datafield>
   <marc:datafield ind1=" " ind2=" " tag="653">
      <marc:subfield code="a">Irland</marc:subfield>
   </marc:datafield>
   <marc:datafield ind1=" " ind2=" " tag="653">
      <marc:subfield code="a">Thriller</marc:subfield>
   </marc:datafield>
   <marc:datafield ind1=" " ind2=" " tag="653">
      <marc:subfield code="a">Menschenversuch</marc:subfield>
   </marc:datafield>
   <marc:datafield ind1="0" ind2="0" tag="245">
      <marc:subfield code="a">Der Letzte seiner Art</marc:subfield>
   </marc:datafield>
   <marc:datafield ind1="0" ind2="0" tag="245">
      <marc:subfield code="b">Thriller</marc:subfield>
   </marc:datafield>
   <marc:datafield ind1=" " ind2="1" tag="264">
      <marc:subfield code="b">Bastei Lübbe</marc:subfield>
      <marc:subfield code="c">2016</marc:subfield>
   </marc:datafield>
   <marc:datafield ind1="1" ind2=" " tag="490">
      <marc:subfield code="a">Bastei-Lübbe-Taschenbuch</marc:subfield>
   </marc:datafield>
   <marc:datafield ind1="1" ind2=" " tag="520">
      <marc:subfield code="a">Der ehemalige amerikanische Soldat Duane Fitzgerald, mit Ende 30 bereits Frührentner, hat sich in der irischen Heimat seiner Vorfahren niedergelassen. Er muss ein beziehungsloses Leben führen, um sein Geheimnis zu bewahren. Denn Fitzgerald stellte sich freiwillig einem medizinischen Experiment zur Verfügung, das aus ihm und anderen Elite-Soldaten Cyborgkämpfer machen sollte, überlegene Lebewesen aufgrund technischer Implantate. Doch das Experiment schlug fehl, die menschlichen Kampfmaschinen kamen nie zum Einsatz. Jetzt ist seine Existenz zerstört, da der Körper schwere Ausfallerscheinungen zeigt. Als seltsame Fremde in der Stadt auftauchen, Vertraute ermordet werden und sich Anschläge auf sein Leben häufen, wird Fitzgerald klar, dass sein Leben nichts mehr wert ist. Doch welche unbekannte Macht steckt dahinter? Die brisante und aktuelle Story in Eschbachs hervorragendem Science-Fiction-Thriller um gewissenlosen Machtmissbrauch sorgt dafür, dass kein Leser vor der letzten Seite aussteigen wird. 
</marc:subfield>
   </marc:datafield>
   <marc:datafield ind1=" " ind2=" " tag="020">
      <marc:subfield code="a">9783404271504</marc:subfield>
      <marc:subfield code="9">9783404271504</marc:subfield>
   </marc:datafield>
   <marc:datafield ind1="3" ind2=" " tag="024">
      <marc:subfield code="a">3404153057</marc:subfield>
   </marc:datafield>
</marc:record>
